00265 a2200121 4500001000700000020002200007040001100029100002600040240003300066245002800099300000700127362000900134193070 a978-85-64443-22-8 cMagnum aBoy, Priscila Pereira10aQual é a cor do amor?lpor10aQual é a cor do amor? a280 a2017